|
|
|
|
| LEADER |
00000nam0a2200000 4500 |
| 001 |
211810 |
| 005 |
20231101225717.0 |
| 010 |
|
|
|a 9785941783021
|
| 035 |
|
|
|a (RuTPU)RU\TPU\book\231403
|
| 090 |
|
|
|a 211810
|
| 100 |
|
|
|a 20120320d2012 m y0rusy50 ca
|
| 101 |
0 |
|
|a rus
|
| 102 |
|
|
|a RU
|
| 105 |
|
|
|a a j 001zy
|
| 200 |
1 |
|
|a Организация эксперимента
|e учебное пособие
|f В. П. Соловьев, Е. М. Богатов
|
| 210 |
|
|
|a Старый Оскол
|c ТНТ
|d 2012
|
| 215 |
|
|
|a 253 с.
|c ил.
|
| 320 |
|
|
|a Библиогр.: с. 235.
|
| 330 |
|
|
|a В учебном пособии изложено применение методов математической статистики для обработки статистических производственных и экспериментальных данных (расчёт доверительных интервалов, оценка значимости результатов, построение и оценка распределения значений, дисперсионный, корреляционный и регрессионный анализы). Представлены методы математического планирования активного эксперимента, используемые для описания влияния факторов на показатели качества и определения их значений, при которых показатели имеют оптимальные значения. Пособие содержит примеры решения задач из практики металлургического производства.
|
| 606 |
1 |
|
|a Эксперимент
|x Планирование
|x Математические методы
|2 stltpush
|3 (RuTPU)RU\TPU\subj\26780
|9 50633
|
| 610 |
1 |
|
|a теория вероятности
|
| 610 |
1 |
|
|a математическая статистика
|
| 610 |
1 |
|
|a экспериментальные результаты
|
| 610 |
1 |
|
|a обработка
|
| 610 |
1 |
|
|a доверительные интервалы
|
| 610 |
1 |
|
|a математическое ожидание
|
| 610 |
1 |
|
|a дисперсия
|
| 610 |
1 |
|
|a статистическое оценивание
|
| 610 |
1 |
|
|a технологические процессы
|
| 610 |
1 |
|
|a дисперсионный анализ
|
| 610 |
1 |
|
|a корреляционные связи
|
| 610 |
1 |
|
|a ранжирование
|
| 610 |
1 |
|
|a регрессионный анализ
|
| 610 |
1 |
|
|a многофакторные эксперименты
|
| 610 |
1 |
|
|a факторные эксперименты
|
| 610 |
1 |
|
|a оптимизация
|
| 610 |
1 |
|
|a тесты
|
| 610 |
1 |
|
|a учебные пособия
|
| 675 |
|
|
|a 519.242(075.8)
|v 3
|
| 700 |
|
1 |
|a Соловьев
|b В. П.
|g Виктор Петрович
|
| 701 |
|
1 |
|a Богатов
|b Е. М.
|g Егор Михайлович
|
| 801 |
|
1 |
|a RU
|b 63413507
|c 20120320
|
| 801 |
|
2 |
|a RU
|b 63413507
|c 20150507
|g RCR
|
| 900 |
|
|
|a Организация эксперимента
|
| 900 |
|
|
|a Методы организации, планирования и обработки результатов инженерного эксперимента
|
| 942 |
|
|
|c BK
|
| 951 |
|
|
|b 150400
|
| 959 |
|
|
|a 43/20120320
|d 2
|e 305,00
|f ЧЗТЛ:1
|f АНЛ:1
|